LEADER 01284nam a2200241 i 4500 001 000000244022 003 CaOOAMICUS 005 20150728000000.0 008 150728s1932 fr u000 u fre u 013 $a222927 040 $aSeMil$bita 245 13$aLe désordre de l'economie internationale et la pensée chrètienne. Compte rendu in extenso des cours ed conférences :$bLille, 1932 /$cSemaines Sociales de France. 260 $aLyon :$bChronique sociale de France,$cimprimatur 1932. 260 $aParis :$bGabalda,$cimprimatur 1932. 300 $a606 p. ;$c[5] p. di tav. ;$c23 cm. 490 0 $aSemaines sociales de France ;$v24. Session 700 1 $aSemaines Sociales de France <24. ; 1932 ; Lille>.$0(OLS)http://semarc/name/82319 830 0$aSemaines sociales de France ;$v24. Session.$0(OLS)http://semarc/title/43720 850 $aSeMil 852 $aSeMil$W1$xVenegono$y1$m3N V 149$j194368$B194368$CSeMilBibl$Z2$F204992 $81 996 $6245$aLe désordre de l'economie internationale et la pensée chrètienne. Compte rendu in extenso des cours ed conférences :$bLille, 1932$9(OLS)http://semarc/title/345945 996 $6260$aParis :$bGabalda$9(OLS)http://semarc/publisher/29624 996 $6260$aLyon :$bChronique sociale de France$9(OLS)http://semarc/publisher/39229 LEADER 01159nam a2200253 i 4500 001 000000008087 003 CaOOAMICUS 005 20180830125439.0 008 180830s1979 gw u000 u und u 040 $aSeMil$bita 245 10$aHandbuch der christlichen Ethik /$cherausgegeben von Anselm Hertz ... [et al.]. 250 $a2. Aufl. 260 $aGütersloh :$bGütersloher Verlagshaus Gerd Mohn,$c1979. 260 $aFreiburg [etc.] :$bHerder,$c1979. 300 $a3 v. ;$c25 cm. 650 4$aTeologia morale - Manuali.$0(OLS)http://semarc/subject/610 650 4$aEtica cristiana - Manuali.$0(OLS)http://semarc/subject/1299 700 1 $aHertz, Anselm.$0(OLS)http://semarc/name/4123 774 0 $tBand 1.$z3-451-17321-2$z3-579-04217-3$g1$w()50250 774 0 $tBand 2.$z3-451-17321-2$z3-579-04217-3$g2$w()213866 774 0 $tWege ethischer Praxis.$z3-451-18880-5$z3-579-00193-0$g3$w()213867 996 $6245$aHandbuch der christlichen Ethik$9(OLS)http://semarc/title/10761 996 $6260$aFreiburg [etc.] :$bHerder$9(OLS)http://semarc/publisher/29649 996 $6260$aGütersloh :$bGütersloher Verlagshaus Gerd Mohn$9(OLS)http://semarc/publisher/30042